Para una enseñanza eficaz de las actividades físico-deportivas / (Record no. 86034)

MARC details
000 -CABECERA
campo de control de longitud fija 00713nam a2200217 a 4500
005 - FECHA Y HORA DE LA ÚLTIMA TRANSACCIÓN
campo de control 20241029063712.0
008 - ELEMENTOS DE LONGITUD FIJA--INFORMACIÓN GENERAL
campo de control de longitud fija 010927s1999 r 000 0 eng d
020 ## - NÚMERO INTERNACIONAL NORMALIZADO PARA LIBROS
Número Internacional Estándar del Libro 8487330983
035 ## - NÚMERO DE CONTROL DEL SISTEMA
Número de control de sistema UPN01000112126
049 ## - COLECCIÓN
Colección CG
050 #4 - SIGNATURA TOPOGRÁFICA DE LA BIBLIOTECA DEL CONGRESO
Número de clasificación GV361
Número de documento/Ítem P5.68
100 1# - ASIENTO PRINCIPAL--NOMBRE PERSONAL
Nombre de persona Piéron, Maurice
245 10 - MENCIÓN DE TÍTULO
Título Para una enseñanza eficaz de las actividades físico-deportivas /
Mención de responsabilidad, etc. Maurice Piéron ; tr. Ma. Angels Pujol.
260 ## - PUBLICACIÓN, DISTRIBUCIÓN, ETC.
Lugar de publicación, distribución, etc. Barcelona, Esp. :
Nombre del editor, distribuidor, etc. INDE,
Fecha de publicación, distribución, etc. 1999.
300 ## - DESCRIPCIÓN FÍSICA
Extensión 314 p. :
Otras características físicas figs., tablas
440 #3 - MENCIÓN DE SERIE/ASIENTO SECUNDARIO--TÍTULO
Título La educación física en reforma
650 #4 - ASIENTO SECUNDARIO DE MATERIA - TERMINO TEMATICO
Término de materia o nombre geográfico como elemento de entrada Educación física
Subdivisión general Estudio y enseñanza
9 (RLIN) 4839
650 #7 - ASIENTO SECUNDARIO DE MATERIA - TERMINO TEMATICO
Término de materia o nombre geográfico como elemento de entrada Actividades físicas
Fuente del encabezamiento o término
9 (RLIN) 145
650 #7 - ASIENTO SECUNDARIO DE MATERIA - TERMINO TEMATICO
Término de materia o nombre geográfico como elemento de entrada Actividades deportivas
Fuente del encabezamiento o término
9 (RLIN) 142
905 ## - TIPO DE MATERIAL
Tipo de material Libro
Holdings
Estado de retiro Estado de pérdida Fuente del sistema de clasificación o colocación Estado dañado No para préstamo Código de colección Localización permanente Ubicación/localización actual Ubicación en estantería Fecha de adquisición Total de préstamos Clasificación Código de barras Fecha visto por última vez Fecha del último préstamo Número de copia Tipo de ítem Koha
    Library of Congress Classification     Colección General Bib. Gregorio Torres Quintero Bib. Gregorio Torres Quintero Planta baja 09/09/2022 16 GV361 P5.68 185252 20/09/2022 09/09/2022 1 Libro